Video games explained by a 5 year old - Statistics

General Stats
  • This quiz has been taken 41 times
  • The average score is 3 of 15
Answer Stats
Hint Answer % Correct
You help a little yellow circle eat all the tiny dots in a maze. But watch out! There are some colorful ghosts who want to catch him Pac-man
100%
A puzzle game where you get to use magic holes to go from one room to another. You have a special gun that shoots these magic holes, and you use them to solve tricky puzzles and get through obstacles. But be careful, sometimes you might fall into gooey stuff or get squished by big blocks! It's all about using your brain and having fun with the magic holes! Portal
56%
Its a game where you run around shooting people with all kinds of cool guns. You pick a team and try to take out the other team while completing objectives like planting bombs or rescuing hostages. But watch out, because if you get shot, you're out for the round Couter strike
36%
You get to be like the characters on the TV show and go on wild adventures. You'll make friends with the South Park gang and go on quests to save the town from bad guys. But watch out, there's lots of potty humor and silly stuff, so be ready for some giggles and maybe some "ewws" too! South Park
31%
You get to steer the ship, shoot cannons, and dig for shiny gold. But watch out for other pirate crews who want to steal your loot! It's all about working together, being sneaky, and having epic battles with other pirates. Just don't forget to watch out for sharks or they'll take a big bite out of your pirate booty! Sea of Thieves
25%
You get to control whole countries and tell them what to do in World War II. You build armies, tanks, planes, and stuff, and then you try to beat up the other countries. But it's not just about fighting, you gotta be smart too, like knowing when to attack and when to hide. And don't forget, if you mess up, your toy soldiers might get squished! Hearts of iron
19%
A big, colorful storybook where you get to be a superhero who can rewind time. You play as a girl named Max who's trying to save her friends and fix stuff that's gone wrong in her town. But be careful with your choices, 'cause they can make big ripples in the story! It's like playing pretend, but with lots of feelings and tough decisions. Just watch out for bullies and meanies, 'cause they're everywhere! Life is Strange
14%
You get to ride on a big horsie and slice bad guys with a really sharp sword. But don't just go running in, 'cause you gotta be like a ghost and sneak around, hiding in tall grass and surprising the bad guys. Ghost of Tsushima
11%
You can deliver mail if you want, but you can also do other things like talk to people or even cause some chaos if you're feeling naughty. It's like playing pretend in a big, wild world where you can do whatever the heck you want! Postal
11%
A magical card game where you're a wizard battling other wizards. You collect cards that have super cool powers like shooting fireballs or summoning monsters. Then, you throw down your cards and try to smash your opponent's wizard with your awesome spells and creatures. But be careful, 'cause they're trying to do the same thing to you! Heartstone
8%
Its like a super scary playground where you get to be a superhero who fights zombies. You swing on buildings and kick zombie butts with cool moves. But watch out, 'cause when it gets dark, the zombies get super mad and scary! Dying light 2
6%
Its like a super spooky hide-and-seek game where you're stuck in a creepy old place full of monsters and crazy people. You don't have any cool weapons to fight with, just a little camera to see in the dark. You gotta sneak around and hide from the scary stuff, 'cause if they catch you, it's game over! Outlast
6%
Its like playing pretend in a crazy, wild city where you're the boss and you can do whatever you want. You drive fast cars, shoot water guns (but not real ones 'cause that's not nice), and make lots of noise. There are bad guys who try to stop you, but you're too cool for them. You make friends with other cool kids and together, you take over the city. Just don't forget to eat your veggies between all the fun! Saints row
6%
You get to be a super cool character with robot arms and fancy guns, and you run around doing missions and stuff. But watch out for glitches and bugs, 'cause sometimes things don't work right and it's super frustrating! And there are some bad guys who try to mess with you, but you can fight back and be the hero of the city! Cyberpunk 2077
3%
Its like a giant toy box full of super-fast cars that you get to drive around in! You can race with your friends, do crazy stunts, and zoom through awesome places like cities, beaches, and mountains. Forza Horizon
0%
No matching quizzes found
Score Distribution
Percent of People with Each Score
Percentile by Number Answered
Your Score History
You have not taken this quiz